[Event "TUR-chT2"]
[Site "Konya"]
[Date "2017.07.10"]
[Round "2.18"]
[White "Tugmen, Alperen"]
[Black "Ulkumen, Mustafa"]
[Result "1-0"]
[WhiteElo "1105"]
[BlackElo "1140"]
[PlyCount "78"]
[EventDate "2017.07.09"]
[EventType "team-swiss"]
[EventRounds "9"]
[EventCountry "TUR"]
[SourceTitle "CBM 179 Extra"]
[Source "ChessBase"]
[SourceDate "2017.08.23"]
[SourceVersion "1"]
[SourceVersionDate "2017.08.23"]
[SourceQuality "1"]
[WhiteTeam "Sinop Kultur"]
[BlackTeam "Ozel Idare Karaman"]
[WhiteTeamCountry "TUR"]
[BlackTeamCountry "TUR"]

1. d4 d5 2. c4 dxc4 3. Nc3 Nf6 4. e3 Bf5 5. Bxc4 Nc6 6. Nf3 Nb4 7. Qa4+ Nc6 8. d5 Nxd5 9. Bxd5 Bd7 10. 0-0 e6 11. Bxc6 Bxc6 12. Qd4 Bxf3 13. Qxd8+ Rxd8 14. gxf3 Bd6 15. Rd1 b5 16. Bd2 a6 17. Ne4 Be5 18. Bc3 Bxc3 19. Nxc3 Ke7 20. Kf1 Rd7 21. Rxd7+ Kxd7 22. Rd1+ Ke7 23. Ke2 h5 24. Ne4 Rd8 25. Rxd8 Kxd8 26. b4 Kd7 27. Nc5+ Kd6 28. Nxa6 c6 29. f4 Kd5 30. Kd3 f6 31. e4+ Kd6 32. a3 g6 33. h4 e5 34. Ke3 Ke6 35. Nc5+ Kd6 36. fxe5+ fxe5 37. f4 exf4+ 38. Kxf4 Ke7 39. Kg5 Kf7 1-0